000 01002nam a2200313 a 4500
001 vtls000135659
003 NLI
005 20210601211258.0
008 101125s1978 nyu 001 0 eng
020 _a0123357500 :
_cPND 13.00
039 9 _y201011251441
_zVLOAD
040 0 _aNLI
_beng
_cEntertech-FY 2010
_eAACR2
041 0 _aeng
044 _anyu
082 0 4 _a010.78
100 1 _aHeaps, H. S.
_9275487
245 1 0 _aInformation retrieval :
_bcomputational and theoretical aspects /
_cH. S. Heaps
260 _aNew York :
_bAcademic Press,
_c1978
300 _axii, 344 p. ;
_c24 cm.
440 0 _aLibary and information seience
_9275488
440 0 _aLibrary and information science.
_9272853
504 _aIncludes bibliographical references and index
650 0 _aInformation storage and retrieval systems
_91865
887 _a
901 _a450714
_b3.4.1979
902 _aE 010.78 H 351
949 _AVIRTUAITEM
_D10000
_X100
_6PUR000450714ENG
942 _2ddc
_cBKS
999 _aVIRTUA40
_c141010
_d141010